000 00582cam a22002053a 4500
001 45374
003 PGUSA
005 20140828084040.0
008 140414s2014||||xxu|||||s|||||000 | eng d
040 _aPGUSA
_beng
042 _adc
245 1 0 _aChoix de contes et nouvelles traduits du chinois
_h[electronic resource] /
_cVarious
260 _bProject Gutenberg,
_c2014
506 _aPublic domain in the USA.
516 _aElectronic text
700 1 _aPavie, Théodore
830 0 _aProject Gutenberg
_v45374
856 4 0 _uhttp://www.gutenberg.org/ebooks/45374
942 _cEB
999 _c274625
_d274625